000 01054nam a22001937a 4500
005 20241216105034.0
010 _aHIN-128377
020 _c200.00
_a9788193486313
035 _aHN-100723
037 _bDBAD/PUB
082 _a230.23
245 _aतन्त्र - विमर्श :
_bआचार्य रामचंद्र द्विवेदी स्मृति ग्रंथमाला ; पुष्प;22 /
_cसूर्यप्रकाश व्यास द्वारा संपादित
250 _a1
260 _aमध्य प्रदेश
_bऋषि - मुनि प्रकाशन
_c2018
270 _a90 , विद्यानगर , सांवेर रोड , उज्जैन
_bमध्य प्रदेश
_e456010
_msmt4news@gmail.com
300 _a154 पृष्ट .;
_c22 सेमी (सजिल्द)
700 _aव्यास ,सूर्यप्रकाश
_eसंपादक
_971258
942 _2ddc
_cHN
_h230.23
_mतन्त्र
999 _c205683
_d205683